Coupes du Monde de Football: Pays n'ayant jamais passé le Premier tour - Statistiques

Statistiques générales
  • Ce quiz a été pris 247 fois
  • Le résultat moyen est 16 sur 28
Statistiques - réponses
Réponse % Correct
Tunisie
81%
Nouvelle-Zélande
80%
Iran
79%
Chine
77%
Afrique du Sud
75%
Canada
75%
Egypte
75%
Honduras
75%
Irak
69%
Togo
64%
Slovénie
62%
Serbie
61%
Zaïre
61%
Bolivie
59%
Koweït
59%
Ecosse
57%
Côte d’Ivoire
56%
Bosnie-Herzégovine
53%
Israël
53%
Jamaïque
53%
Angola
50%
Salvador
45%
Haïti
43%
Indes Orientales Néerlandaises
42%
Russie
34%
Trinité-et-Tobago
34%
Emirats Arabes Unis
33%
République Tchèque
30%
Aucun quiz correspondant
Distribution des résultats
% des personnes avec chaque résultat
Percentile par nombre de réponses
Votre historique - résultats
Vous n’avez pas pris ce quiz